| 000 | 00725cam a2200205 4500 | ||
|---|---|---|---|
| 020 | _a0521078458 | ||
| 082 | 0 | 0 |
_a940.25 _bVEN _cL-30, P-161 |
| 100 | 1 |
_aVenturi, Franco. _948886 |
|
| 245 | 1 | 0 | _aUtopia and reform in the Enlightenment. |
| 260 |
_aCambridge [Eng.] _bUniversity Press, _c1971 [i.e. 1970] |
||
| 300 |
_av, 160 p. _c22 cm. |
||
| 500 | _aTranslation of Utopia e riforma nell'Illuminismo. | ||
| 526 |
_a0 _b0 _c0 _d940_250000000000000_VEN |
||
| 650 | 0 |
_aEnlightenment. _948887 |
|
| 650 | 0 |
_aMCE _9379 |
|
| 650 | 0 |
_aPhilosophy, Modern _948888 |
|
| 856 | 4 | 1 | _uhttp://www.loc.gov/catdir/enhancements/fy0916/71123676-t.html |
| 856 | 4 | 2 | _uhttp://www.loc.gov/catdir/enhancements/fy0916/71123676-d.html |
| 942 |
_2ddc _cBK |
||
| 999 |
_c551755 _d551755 |
||